00482nam a2200157 a 450000100100000000500170001000800410002702000150006804000250008308200150010810000280012324500660015126000390021730000280025650400400028400002544320200930023806.0110216s1980 mx r 000 0 spa d a9682408962 aDO-SdBNPbspacBNPHU aNNNbM828f1 aMorales Mancera, José10aFilosofía social de la propiedad /cJosé Morales Mancera. aMéxico, D. F. :bTrillas,c1980. a107 p. :bil. ;c23 cm. aIncluye bibliografía (p. 103-104)